|
|
|
|
| LEADER |
00000nab a2200000 a 4500 |
| 001 |
vtls000390595 |
| 003 |
SK-MaSNL |
| 005 |
20260303160534.0 |
| 008 |
230223c1989 xo 0 cze |
| 015 |
|
|
|a SNBRB19rr/mm-uuuuu
|
| 035 |
|
|
|a CL0390719
|
| 035 |
|
|
|a urn:nbn:sk:snk-ab6pd2
|
| 035 |
|
|
|a (uuid)88221f55-409b-491b-a394-7f298366d93b
|
| 035 |
|
|
|a (urnnbn)urn:nbn:sk:snk:ar-005q8p
|
| 035 |
|
|
|a (sysno)vtls000390595
|
| 040 |
|
|
|a SNKBUCL
|b slo
|c SNKBUCL
|e AACR2
|
| 041 |
0 |
|
|a cze
|
| 044 |
|
|
|a xo
|c SK
|
| 080 |
|
|
|a 669.2/.8
|2 1981
|
| 100 |
1 |
|
|a -tes-
|4 aut
|9 1181285
|
| 245 |
1 |
0 |
|a Ing. M. Šindelek, CSc.: Vývoj progresivních kovových materiálů na bázi neželezných kovů (materiály 11)
|c -tes-
|
| 650 |
0 |
7 |
|a kovové materiály
|2 snkbucl
|9 1053
|
| 650 |
0 |
7 |
|a neželezné kovy
|2 snkbucl
|9 31041
|
| 655 |
|
7 |
|a články z novín a časopisov
|2 snkbucl
|9 267496
|
| 700 |
1 |
|
|a Šindelek, M.
|4 aut
|9 1181436
|
| 773 |
0 |
|
|t Zváranie
|g Roč. 38, č. 10 (1989), s. na kuléri
|
| 787 |
0 |
8 |
|i Rec.:
|a Šindelek, M.
|t Vývoj progresivních kovových materiálů na bázi neželezných kovů (materiály 11)
|d Praha : ÚVTEI/ÚTEIN, 1987
|
| 850 |
|
|
|a Slovenská národná knižnica v Martine
|a MTA001
|
| 852 |
|
|
|a SNK
|b KIS3GCP
|
| 954 |
|
|
|a odborná, vedecká literatúra pôvodná (slovenská)
|2 lita
|
| 954 |
|
|
|a odborná, vedecká literatúra cudzojazyčná (svetová)
|2 lita
|
| 958 |
|
|
|a OND
|
| 958 |
|
|
|a RK
|
| 958 |
|
|
|a CZ
|
| 958 |
|
|
|a EUIPO
|
| 958 |
|
|
|a article
|
| 992 |
|
|
|a RBX
|
| 999 |
|
|
|c 2046513
|d 2048443
|